Statistics for Events in Europe 2001-2020 #2

Click here to take the quiz!

General Stats

  • This quiz has been taken 47 times
  • The average score is 11 of 20

Answer Stats

yearhintanswer% Correct
2010Eyjafjallajökull erupts in this country, closing European airspace for several daysIceland
90%
2017Montenegro becomes the 29th member of this organisationNATO
88%
2012The cruise ship Costa Concordia sinks off this country's coastItaly
85%
2014Viktor Yanukovych, this country's president, is overthrownUkraine
83%
2005In Germany, Angela Merkel becomes the first woman to assume this positionchancellor
75%
2003This Swedish climate activist is bornGreta Thunberg
73%
2002The war crimes trial of this former Yugoslav president starts in the NetherlandsSlobodan Milošević
63%
2004Edvard Munch's The Scream is stolen from a museum in this cityOslo
55%
2013High-speed Spanish train derails on a curve near this city, killing 79{Santiago} de Compostela
55%
2001This building is reopened after 11 years of work to stabilise itLeaning Tower of Pisa
53%
2020This city hosts the semi-finals and final of UEFA Euro 2020London
53%
2016The world-record 57km-long Gotthard Base railway tunnel opens in the countrySwitzerland
53%
2006This city near the Swiss Alps hosts the Winter OlympicsTurin
50%
2011This London-born, seven-times married, actress diesElizabeth Taylor
48%
2019This becomes the first EU country to be declared "not free" by Freedom House, an NGOHungary
48%
2018This Spanish separatist group dissolves after 40 years of operationETA
45%
2008Malta joins the euro, featuring this on its €1 and €2 coinsMaltese {Cross}
45%
2015Gay marriage is legalised when 62% vote in favour in this country's referendumIreland
43%
2007This high-speed train reaches a top speed of 574 km/h (357 mph)TGV
35%
2009This country gains self-rule after a 75% referendum vote in favourGreenland
10%

Score Distribution

Percentile by Number Answered

Percent of People with Each Score

Your Score History

You have not taken this quiz